<?xml version="1.0" encoding="UTF-8"?>
<record
    xmlns:xsi="http://www.w3.org/2001/XMLSchema-instance"
    xsi:schemaLocation="http://www.loc.gov/MARC21/slim http://www.loc.gov/standards/marcxml/schema/MARC21slim.xsd"
    xmlns="http://www.loc.gov/MARC21/slim">

  <leader>01074nam a22002654a 4500</leader>
  <controlfield tag="001">000290233</controlfield>
  <controlfield tag="003">BR-RjBN</controlfield>
  <controlfield tag="005">20251006142518.0</controlfield>
  <controlfield tag="008">111021s2011    spba          000 0 por  </controlfield>
  <datafield tag="020" ind1=" " ind2=" ">
    <subfield code="a">9788539601066</subfield>
  </datafield>
  <datafield tag="035" ind1=" " ind2=" ">
    <subfield code="a">2011102116200243med</subfield>
  </datafield>
  <datafield tag="040" ind1=" " ind2=" ">
    <subfield code="a">BR-RjBN</subfield>
    <subfield code="b">por</subfield>
    <subfield code="c">Nolita</subfield>
  </datafield>
  <datafield tag="041" ind1=" " ind2=" ">
    <subfield code="a">Portugu&#xEA;s</subfield>
  </datafield>
  <datafield tag="100" ind1="1" ind2=" ">
    <subfield code="a">Raigorodsky, Breno</subfield>
    <subfield code="9">1578</subfield>
  </datafield>
  <datafield tag="245" ind1="1" ind2="0">
    <subfield code="a">Embutidos :</subfield>
    <subfield code="b">da sobreviv&#xEA;ncia &#xE0; gastronomia /</subfield>
    <subfield code="c">Breno Raigorodsky</subfield>
  </datafield>
  <datafield tag="260" ind1=" " ind2=" ">
    <subfield code="a">S&#xE3;o Paulo :</subfield>
    <subfield code="b">SENAC S&#xE3;o Paulo,</subfield>
    <subfield code="c">2011</subfield>
  </datafield>
  <datafield tag="300" ind1=" " ind2=" ">
    <subfield code="a">152, [24] p. de estampas :</subfield>
    <subfield code="b">il. col. ;</subfield>
    <subfield code="c">21 cm</subfield>
  </datafield>
  <datafield tag="504" ind1=" " ind2=" ">
    <subfield code="a">Inclui bibliografia. </subfield>
  </datafield>
  <datafield tag="520" ind1=" " ind2=" ">
    <subfield code="a">A obra apresenta um panorama hist&#xF3;rico e t&#xE9;cnico dos embutidos, abordando sua origem como m&#xE9;todo de sobreviv&#xEA;ncia e evolu&#xE7;&#xE3;o at&#xE9; o status de iguaria gastron&#xF4;mica. Explica processos de fabrica&#xE7;&#xE3;o, conserva&#xE7;&#xE3;o e preparo, aliando tradi&#xE7;&#xE3;o e ci&#xEA;ncia culin&#xE1;ria.</subfield>
  </datafield>
  <datafield tag="650" ind1="0" ind2="0">
    <subfield code="a">Gastronomia</subfield>
    <subfield code="9">7</subfield>
  </datafield>
  <datafield tag="650" ind1="0" ind2="0">
    <subfield code="a">Culin&#xE1;ria</subfield>
    <subfield code="x">Charcutaria</subfield>
    <subfield code="x">Hist&#xF3;ria</subfield>
    <subfield code="9">1579</subfield>
  </datafield>
  <datafield tag="650" ind1="0" ind2="0">
    <subfield code="a">Culin&#xE1;ria</subfield>
    <subfield code="x">Charcutaria</subfield>
    <subfield code="x">Ind&#xFA;stria</subfield>
    <subfield code="9">1580</subfield>
  </datafield>
  <datafield tag="650" ind1="0" ind2="0">
    <subfield code="a">Receitas</subfield>
    <subfield code="9">12</subfield>
  </datafield>
  <datafield tag="942" ind1=" " ind2=" ">
    <subfield code="2">ddc</subfield>
    <subfield code="c">BK</subfield>
    <subfield code="n">0</subfield>
  </datafield>
  <datafield tag="999" ind1=" " ind2=" ">
    <subfield code="c">968</subfield>
    <subfield code="d">968</subfield>
  </datafield>
  <datafield tag="952" ind1=" " ind2=" ">
    <subfield code="0">0</subfield>
    <subfield code="1">0</subfield>
    <subfield code="2">ddc</subfield>
    <subfield code="4">0</subfield>
    <subfield code="7">0</subfield>
    <subfield code="8">NFIC</subfield>
    <subfield code="a">CPL</subfield>
    <subfield code="b">CPL</subfield>
    <subfield code="d">2025-10-06</subfield>
    <subfield code="l">0</subfield>
    <subfield code="o">L436</subfield>
    <subfield code="p">L436</subfield>
    <subfield code="r">2025-10-06 14:20:00</subfield>
    <subfield code="w">2025-10-06</subfield>
    <subfield code="y">BK</subfield>
  </datafield>
</record>
